000 01038nam a2200301 i 4500
003 DO-SdBNP
005 20240723135748.0
006 a||||er|||| 00| 0
007 ta
008 240723t2023 dr a|||| |||| 00| f spa d
020 _a9789945187632
040 _aDO-SdBNP
_bspa
_cBNPHU
_erda
082 4 _222
_aRD863.5
_bM734m
100 1 _aMónaco-Piñeyro, Manuelle Del,
_981449
_eautor
245 1 0 _aManufiesto:
_bby the sun of Punta Cana /
_cManuelle Del Mónaco-Piñeyro ; editor, Benny Ferreira.
264 4 _aSanto Domingo :
_bSoto Castillo,
_c©2023
300 _a252 páginas :
_bilustraciones ;
_c22 cm.
336 _2rdacontent
_atexto
_btxt
337 _2rdamedia
_asin mediación
_bn
338 _2rdacarrier
_avolumen
_bnc
500 _aIncluye datos biográficos del autor en la contracubierta.
546 _aObras en español e inglés.
590 _aInventariado 2024 / MF
650 4 _aNovela dominicana
_9223
650 4 _aLiteratura dominicana.
_967
700 1 _aFerreira, Benny,
_981345
_eeditor
942 _2ddc
_cLBS1
999 _c57339
_d57339